000 00838nas a2200265 4500
001 BR8000170
003 BR-BrBNA
005 20231205084102.0
007 ta
008 230509b bl.|||p| |||| 00| 00por d
040 _aBR-BrBNA
_bpor
_cBiblioteca Nacional de Agricultura
041 _a(Pt)
072 _aH10
100 1 _aPereira, L.V.
100 1 _aFerraz, S.
100 1 _aOliveira, L.M. de
245 1 _aEfeito "in vitro" de tres nematicidas carbamatos sobre a eclosao de larvas de Meloidogyne exigua Goeldi, 1887 [Nematoide]
_bParte de tese
650 _aNEMATOIDE
650 _aCONTROLE QUIMICO
650 _aNEMATICIDA
650 _aLARVA
773 0 _tFitopatologia Brasileira (Brazil)
_xISSN 0100-4158
_g(Oct 1979), v. 4(3) p. 477-481
_wBR8000170
909 _a202311
_bLúcia
_c55
_dLúcia Elande
942 _2AGRIS
_n0
_cANA
999 _c103055
_d103055